Statistics for African Capitals Beginning with the Letters of JETPUNK

Click here to take the quiz!

General Stats

  • This quiz has been taken 176 times
  • The average score is 12 of 15

Answer Stats

Capital% Correct
Kinshasa
87%
Tunis
87%
Juba
86%
Nairobi
86%
Kampala
86%
Kigali
85%
Pretoria
83%
Niamey
82%
Praia
78%
Khartoum
78%
Tripoli
73%
Porto-Novo
69%
N'Djamena
69%
Nouakchott
68%
Port Louis
66%

Score Distribution

Percentile by Number Answered

Percent of People with Each Score

Your Score History

You have not taken this quiz